000 00503nmm a2200157Ia 4500
008 251105s9999||||xx |||||||||||||||||und||
020 _a9788436956955
041 _aspa
100 _aGalicia Mangas, Francisco Javier
245 0 _aLa inspección en educación: régimen jurídico
264 _a[Madrid, España] :
_bMinisterio de Educación, Cultura y Deporte de España,
_c2016
300 _a496 páginas
650 _aLaw
856 _uhttps://public.digitaliapublishing.com/a/47778
942 _cCF
999 _c82249
_d82249